[Event "San Francisco TNM Winter op"]
[Site "San Francisco"]
[Date "2012.02.14"]
[Round "7"]
[White "Soul, Robert M"]
[Black "Allen, Tom"]
[Result "1-0"]
[WhiteElo "1320"]
[BlackElo "1549"]
[PlyCount "21"]
[EventDate "2012.01.03"]
[EventType "swiss"]
[EventRounds "8"]
[EventCountry "USA"]
[SourceTitle "EXT 2014"]
[Source "ChessBase"]
[SourceDate "2013.11.20"]
[SourceVersion "1"]
[SourceVersionDate "2013.11.20"]
[SourceQuality "1"]

1. e4 e5 2. Nf3 Nc6 3. Bc4 Nf6 4. Ng5 Bc5 5. Bxf7+ Ke7 6. Bc4 d5 7. exd5 Nxd5 8. Ne4 Bb6 9. Nbc3 Nxc3 10. bxc3 Qf8 11. Ba3+ 1-0

[Event "San Francisco TNM Winter op"]
[Site "San Francisco"]
[Date "2012.01.24"]
[Round "4"]
[White "Soul, Robert M"]
[Black "Nelson, Christopher"]
[Result "1-0"]
[WhiteElo "1320"]
[BlackElo "1551"]
[PlyCount "69"]
[EventDate "2012.01.03"]
[EventType "swiss"]
[EventRounds "8"]
[EventCountry "USA"]
[SourceTitle "EXT 2014"]
[Source "ChessBase"]
[SourceDate "2013.11.20"]
[SourceVersion "1"]
[SourceVersionDate "2013.11.20"]
[SourceQuality "1"]

1. e4 e5 2. Nf3 Nc6 3. Bc4 Bc5 4. c3 Nf6 5. d4 exd4 6. cxd4 Bb4+ 7. Bd2 Qe7 8. 0-0 0-0 9. e5 Ne4 10. Bxb4 Qxb4 11. Qc2 b5 12. Bd5 Nxd4 13. Nxd4 Qxd4 14. Bxe4 c6 15. Nd2 f5 16. exf6 Rxf6 17. Nf3 Qb6 18. Bxh7+ Kh8 19. Ng5 Bb7 20. Bg8 Rh6 21. Nf7+ Kxg8 22. Nxh6+ gxh6 23. Qg6+ Kf8 24. Qxh6+ Ke7 25. Rae1+ Kd8 26. Qf8+ Kc7 27. Re8 Rxe8 28. Qxe8 c5 29. Rc1 c4 30. b3 Qc5 31. Qe3 Qd5 32. f3 Kd8 33. bxc4 bxc4 34. h4 Qa5 35. Qg5+ 1-0

[Event "San Francisco TNM Winter op"]
[Site "San Francisco"]
[Date "2012.01.17"]
[Round "3"]
[White "Sherwood, Peter"]
[Black "Soul, Robert M"]
[Result "1-0"]
[WhiteElo "1769"]
[BlackElo "1320"]
[PlyCount "59"]
[EventDate "2012.01.03"]
[EventType "swiss"]
[EventRounds "8"]
[EventCountry "USA"]
[SourceTitle "EXT 2014"]
[Source "ChessBase"]
[SourceDate "2013.11.20"]
[SourceVersion "1"]
[SourceVersionDate "2013.11.20"]
[SourceQuality "1"]

1. e4 c5 2. Nf3 Nc6 3. d4 cxd4 4. Nxd4 Nf6 5. Nc3 g6 6. Be3 Bg7 7. f3 d6 8. Qd2 0-0 9. 0-0-0 Re8 10. g4 Qc7 11. h4 h5 12. gxh5 Nxh5 13. Nd5 Qd7 14. Bh3 e6 15. Ne2 Ne5 16. Nd4 Nc4 17. Qd3 Qa4 18. Nc3 Qa6 19. Ndb5 Nxe3 20. Qxe3 Kh7 21. Kb1 Qa5 22. Nxd6 Rf8 23. Bg4 Bh6 24. Qe1 Nf4 25. e5 Ng2 26. Qe4 f5 27. exf6 Rxf6 28. Nxc8 Rxc8 29. Qxb7+ Rc7 30. Rd7+ 1-0